Normal view
MARC view
- Junaid Naeem
Entry Personal Name
001 - CONTROL NUMBER
- control field: 93212
003 - CONTROL NUMBER IDENTIFIER
- control field: NUST
005 - DATE AND TIME OF LATEST TRANSACTION
- control field: 20220706113613.0
008 - FIXED-LENGTH DATA ELEMENTS
- fixed length control field: 220706|| aca||aabn | a|a d
040 ## - CATALOGING SOURCE
- Original cataloging agency: NUST
- Transcribing agency: NUST
100 ## - HEADING--PERSONAL NAME
- Personal name: Junaid Naeem
670 ## - SOURCE DATA FOUND
- Source citation: Work cat.: (NUST)13256: Abdul Moeed Khalid 93211, Motion detection using passive Wi-Fi, 2015
